The Japanese language
This manual seeks to reveal the richness and complexity of the Japanese language through its origins, dialects and jargon.
Zapisane w:
| 1. autor: | |
|---|---|
| Format: | Książka |
| Język: | Undetermined |
| Wydane: |
Rutland
Charles E. Tuttle Co.
1978
|
| Hasła przedmiotowe: | |
| Etykiety: |
Dodaj etykietę
Nie ma etykietki, Dołącz pierwszą etykiete!
|
| Thư viện lưu trữ: | Trung tâm Học liệu Trường Đại học Cần Thơ |
|---|
| LEADER | 00617nam a2200193Ia 4500 | ||
|---|---|---|---|
| 001 | CTU_110265 | ||
| 008 | 210402s9999 xx 000 0 und d | ||
| 082 | |a 495.6 | ||
| 082 | |b K51 | ||
| 100 | |a Hindaichi, Haruhiko | ||
| 245 | 4 | |a The Japanese language | |
| 245 | 0 | |c Haruhiko Hindaichi | |
| 260 | |a Rutland | ||
| 260 | |b Charles E. Tuttle Co. | ||
| 260 | |c 1978 | ||
| 520 | |a This manual seeks to reveal the richness and complexity of the Japanese language through its origins, dialects and jargon. | ||
| 650 | |a Japanese language | ||
| 904 | |i Hiếu | ||
| 980 | |a Trung tâm Học liệu Trường Đại học Cần Thơ | ||